[Event "Friday Action Hex"]
[Site "Los Angeles, Calif."]
[Date "1991.08.02"]
[Round "1"]
[White "Moody, David"]
[Black "Johnson, Michael"]
[Result "1-0"]
[WhiteElo "2044"]
[BlackElo "199"]
[PlyCount "115"]
[EventDate "1991.08.02"]

1. e4 d5 2. Nc3 d4 3. Nce2 g6 4. Ng3 Bg7 5. Nf3 e5 6. Bc4 Nc6 7. d3 Na5 8. Bb3
Nxb3 9. axb3 Qd6 10. O-O Bh6 11. Bxh6 Nxh6 12. Qd2 Ng4 13. h3 Nf6 14. Ra5 c5
15. b4 Nd7 16. bxc5 Nxc5 17. b4 Nd7 18. Rfa1 a6 19. c3 b5 20. cxd4 exd4 21. Qb2
Ne5 22. Nxe5 Qxe5 23. Ne2 O-O 24. Qxd4 Qg5 25. Ng3 Rd8 26. Qc3 Bb7 27. Qc7 Rab8
28. Rd1 Rdc8 29. Qd6 Rd8 30. Qc5 Qf4 31. Ne2 Qf6 32. Qc3 Qe7 33. f3 Rbc8 34.
Qd2 Rc7 35. Raa1 Rdc8 36. Rac1 Qd6 37. Rxc7 Rxc7 38. Rc1 Qb6+ 39. d4 Rc4 40.
Rxc4 bxc4 41. Qc3 Qb5 42. d5 Qb6+ 43. Kf1 Qb5 44. Nd4 Qa4 45. Qxc4 Qd1+ 46. Kf2
Qd2+ 47. Ne2 Qg5 48. Qd4 Qh4+ 49. Kf1 Qd8 50. d6 a5 51. bxa5 Qxa5 52. d7 Qd8
53. Qd6 Kg7 54. Nd4 Ba6+ 55. Kf2 Qa5 56. d8=Q Qd2+ 57. Kg3 Qe1+ 58. Kh2 1-0

[Event "Friday Action Hex"]
[Site "Los Angeles, Calif."]
[Date "1991.08.02"]
[Round "5"]
[White "Moody, David"]
[Black "Gelman, Jeffrey"]
[Result "1/2-1/2"]
[WhiteElo "2044"]
[BlackElo "2019"]
[PlyCount "95"]
[EventDate "1991.08.02"]

1. e4 Nf6 2. Nc3 Nc6 3. d4 e6 4. e5 Nd5 5. Nxd5 exd5 6. Nf3 d6 7. Bb5 Bd7 8.
O-O dxe5 9. Bxc6 bxc6 10. Nxe5 Bd6 11. Re1 O-O 12. Qh5 c5 13. Nxd7 Qxd7 14.
dxc5 Bxc5 15. Be3 Bxe3 16. Rxe3 Rfe8 17. Rae1 Re6 18. Rxe6 fxe6 19. Qe5 Re8 20.
Re3 Qd6 21. Qxd6 cxd6 22. Ra3 Re7 23. Ra6 Kf7 24. Kf1 Kf6 25. Rxd6 Rb7 26. b3
Rc7 27. c4 Ke5 28. Ra6 d4 29. Ke2 Re7 30. Kd3 Rd7 31. c5 g5 32. Rd6 Rf7 33. f3
g4 34. Rxd4 gxf3 35. gxf3 Rxf3+ 36. Ke2 Rh3 37. Rd2 Rxh2+ 38. Kd1 Rxd2+ 39.
Kxd2 Kd5 40. b4 h5 41. Ke3 e5 42. Kf3 e4+ 43. Kg3 a6 44. a4 Kc6 45. Kf4 Kd5 46.
b5 axb5 47. axb5 Kxc5 48. Kxe4 1/2-1/2

[Event "Friday Action Hex"]
[Site "Los Angeles, Calif."]
[Date "1991.08.02"]
[Round "2"]
[White "Mongin, Andrew"]
[Black "Moody, David"]
[Result "1-0"]
[WhiteElo "2045"]
[BlackElo "2044"]
[PlyCount "45"]
[EventDate "1991.08.02"]

1. e4 e5 2. Nf3 Nc6 3. Nc3 Nf6 4. d4 exd4 5. Nd5 d6 6. Nxd4 Be7 7. Bc4 O-O 8.
O-O Ne5 9. Bb3 Nxe4 10. Nxe7+ Qxe7 11. Re1 Qh4 12. g3 Qh3 13. Rxe4 Ng4 14. Nf3
Bf5 15. Rf4 Bg6 16. Qf1 Qh5 17. Bd2 Rae8 18. h3 Nf6 19. Re1 Rxe1 20. Bxe1 Re8
21. Bc3 Be4 22. Qg2 g5 23. Rxf6 1-0

[Event "Friday Action Hex"]
[Site "Los Angeles, Calif."]
[Date "1991.08.02"]
[Round "4"]
[White "Liebhaber, Paul"]
[Black "Moody, David"]
[Result "1-0"]
[WhiteElo "2048"]
[BlackElo "2044"]
[PlyCount "51"]
[EventDate "1991.08.02"]

1. g3 e5 2. Bg2 d5 3. c3 Bc5 4. d4 exd4 5. cxd4 Bd6 6. Nc3 c6 7. Nf3 Nf6 8. Bg5
Bf5 9. Qb3 Nbd7 10. Qxb7 Rb8 11. Qxc6 Rb6 12. Bxf6 gxf6 13. Qxd5 Be6 14. Qe4
Rxb2 15. O-O f5 16. Qd3 f4 17. Ne4 Bc7 18. d5 Bf5 19. Nd6+ Bxd6 20. Qxf5 fxg3
21. Qe4+ Kf8 22. Qd4 gxf2+ 23. Rxf2 Rg8 24. Qxb2 Bc5 25. Nd4 Rg4 26. Ne6+ 1-0

[Event "Sunday Quads"]
[Site "Los Angeles, Calif."]
[Date "1991.08.04"]
[Round "3"]
[White "Moody, David"]
[Black "Liebhaber, Paul"]
[Result "0-1"]
[WhiteElo "2044"]
[BlackElo "2048"]
[PlyCount "44"]
[EventDate "1991.08.04"]

1. e4 c6 2. d4 d5 3. exd5 cxd5 4. Bd3 Nc6 5. c3 e5 6. dxe5 Nxe5 7. Bb5+ Nc6 8.
Nf3 Bc5 9. Ne5 Bd7 10. Qxd5 Nxe5 11. Qxe5+ Qe7 12. Bxd7+ Kxd7 13. Bf4 Qxe5+ 14.
Bxe5 Re8 15. f4 f6 16. Nd2 fxe5 17. O-O-O Be3 18. fxe5 Rxe5 19. Rhe1 Ke6 20.
Kc2 Bxd2 21. Rxe5+ Kxe5 22. Rxd2 Nf6 0-1

[Event "Sunday Quads"]
[Site "Los Angeles, Calif."]
[Date "1991.08.04"]
[Round "1"]
[White "Moody, David"]
[Black "Johnson, Michael"]
[Result "1-0"]
[WhiteElo "2044"]
[BlackElo "1999"]
[PlyCount "62"]
[EventDate "1991.08.04"]

1. e4 d5 2. Nc3 d4 3. Nce2 g6 4. Ng3 e5 5. Nf3 Bg7 6. Bc4 Nc6 7. d3 Na5 8. Bb3
Nxb3 9. axb3 b6 10. Bg5 Qd6 11. O-O Ne7 12. Nh4 O-O 13. Qd2 Bd7 14. f4 exf4 15.
Bxf4 Be5 16. Bh6 Bg7 17. Rf2 a5 18. Raf1 f6 19. Nf3 Nc6 20. Ne2 Bg4 21. Bxg7
Kxg7 22. Qf4 Qxf4 23. Nxf4 Rf7 24. Nd5 Be6 25. Nf4 Bg4 26. h3 Bxf3 27. Ne6+ Kg8
28. Rxf3 Nb4 29. Rxf6 Rxf6 30. Rxf6 Nxc2 31. Nxc7 Nb4 1-0

[Event "Sunday Quads"]
[Site "Los Angeles, Calif."]
[Date "1991.08.04"]
[Round "2"]
[White "Katz, Stewart"]
[Black "Moody, David"]
[Result "1-0"]
[WhiteElo "1944"]
[BlackElo "2044"]
[PlyCount "61"]
[EventDate "1991.08.04"]

1. e4 e5 2. Nf3 Nc6 3. Bb5 a6 4. Ba4 Nf6 5. O-O Be7 6. Bxc6 dxc6 7. d4 exd4 8.
e5 Nd5 9. Qxd4 O-O 10. c4 Nb4 11. Qe4 Be6 12. Nc3 Qd3 13. Qxd3 Nxd3 14. b3 Nxc1
15. Raxc1 Rfd8 16. h3 Rd3 17. Rfd1 Rad8 18. Kf1 Bb4 19. Ke2 Rxd1 20. Rxd1 Rxd1
21. Nxd1 Bf5 22. Nd2 Kf8 23. Ne3 Be6 24. Ne4 h6 25. Kd3 Ke7 26. Nc2 c5 27. a3
Ba5 28. Nxc5 Bf5+ 29. Ne4 Ke6 30. f4 g5 31. Nd4+ 1-0

[Event "U.S. Open"]
[Site "Los Angeles, Calif."]
[Date "1991.08.04"]
[Round "7"]
[White "Ensey, Charles"]
[Black "Moody, David"]
[Result "1/2-1/2"]
[WhiteElo "1835"]
[BlackElo "2044"]
[PlyCount "77"]
[EventDate "1991.07.28"]

1. d4 Nf6 2. c4 c5 3. Nf3 g6 4. Nc3 Bg7 5. g3 cxd4 6. Nxd4 d6 7. Bg2 O-O 8. O-O
Qb6 9. Nc2 Nc6 10. e4 Be6 11. Ne3 Ne5 12. Qe2 Rac8 13. b3 Nfg4 14. Ned5 Qd8 15.
Bb2 Bxd5 16. exd5 Nf6 17. Bh3 Ra8 18. Rfe1 a6 19. f4 Qb6+ 20. Qe3 Nxc4 21. bxc4
Qxb2 22. Rab1 Qa3 23. Rxb7 Rab8 24. Rxe7 Ng4 25. Bxg4 Bxc3 26. Re2 Rb2 27. Rd7
Qxa2 28. Rxb2 Qxb2 29. Qe2 Bd4+ 30. Kg2 Qxe2+ 31. Bxe2 Bc5 32. Rb7 Re8 33. Rb2
Ra8 34. Ra2 a5 35. Bd1 Kf8 36. g4 h6 37. Kf3 Re8 38. Re2 Rxe2 39. Kxe2 1/2-1/2

[Event "U.S. Open"]
[Site "Los Angeles, Calif."]
[Date "1991.08.05"]
[Round "8"]
[White "Moody, David"]
[Black "Megibow, Gordon"]
[Result "1-0"]
[WhiteElo "2044"]
[BlackElo "1867"]
[PlyCount "65"]
[EventDate "1991.07.28"]

1. e4 d6 2. d4 g6 3. Nf3 Bg7 4. Bc4 Nf6 5. Nc3 O-O 6. Bg5 Nxe4 7. Nxe4 d5 8.
Bd3 dxe4 9. Bxe4 c6 10. Qd2 Be6 11. Bh6 Bd5 12. Bxg7 Kxg7 13. Qf4 Qd6 14. Qxd6
exd6 15. Bxd5 cxd5 16. Kd2 Nc6 17. Rhe1 Rfe8 18. c3 Kf6 19. Rxe8 Rxe8 20. Re1
Re6 21. Kd3 Kf5 22. b3 b5 23. a4 bxa4 24. bxa4 Na5 25. Rb1 Nc4 26. Rb5 Kf4 27.
Rxd5 Nb2+ 28. Kd2 a6 29. Ng5 Nc4+ 30. Kc2 Re3 31. g3+ Kg4 32. h3+ Kh5 33. Nxf7+
1-0

[Event "U.S. Open"]
[Site "Los Angeles, Calif."]
[Date "1991.08.06"]
[Round "9"]
[White "Wilson, John"]
[Black "Moody, David"]
[Result "1-0"]
[WhiteElo "2270"]
[BlackElo "2044"]
[PlyCount "99"]
[EventDate "1991.07.28"]

1. d4 Nf6 2. Bg5 c6 3. Bxf6 gxf6 4. e3 Qb6 5. b3 d5 6. Qf3 Qb4+ 7. c3 Qd6 8.
Bd3 e5 9. Bf5 Bxf5 10. Qxf5 exd4 11. cxd4 Qe6 12. Qd3 Bb4+ 13. Kf1 Nd7 14. a3
Bd6 15. Nc3 O-O-O 16. Nge2 Rdg8 17. Ng3 Bxg3 18. hxg3 h5 19. Qe2 c5 20. Rc1 Kb8
21. Qf3 Qa6+ 22. Kg1 Qxa3 23. Qf4+ Ne5 24. Rb1 cxd4 25. exd4 Rg4 26. Qxf6 Ng6
27. Nxd5 a6 28. Re1 Qa5 29. Qd6+ Ka7 30. b4 Qd8 31. Qc5+ Kb8 32. Nf4 Nxf4 33.
gxf4 Rhg8 34. Qe5+ Ka8 35. Rh2 h4 36. b5 Qa5 37. bxa6 Qxa6 38. d5 f6 39. Qd4
Qb5 40. f3 Rg3 41. Ra1+ Kb8 42. f5 Kc7 43. d6+ Kd7 44. Qxf6 Qb6+ 45. Kh1 Qxd6
46. Qf7+ Kc6 47. Rc1+ Kb6 48. Rb1+ Kc5 49. Rxh4 b5 50. Qa7+ 1-0

[Event "U.S. Open"]
[Site "Los Angeles, Calif."]
[Date "1991.08.07"]
[Round "10"]
[White "Moody, David"]
[Black "Ogawa, Craig"]
[Result "1-0"]
[WhiteElo "2044"]
[BlackElo "1868"]
[PlyCount "29"]
[EventDate "1991.07.28"]

1. e4 d6 2. d4 Nf6 3. Nc3 g6 4. f4 Bg7 5. Nf3 O-O 6. Bc4 c6 7. Qe2 b5 8. Bb3 b4
9. Na4 Ba6 10. Qe3 Qa5 11. c3 c5 12. e5 Bb5 13. exf6 Bxf6 14. a3 cxd4 15. axb4
1-0

[Event "Thursday Octos #2"]
[Site "Los Angeles, Calif."]
[Date "1991.08.08"]
[Round "2"]
[White "Yu, Peter"]
[Black "Moody, David"]
[Result "1-0"]
[WhiteElo "2258"]
[BlackElo "2000"]
[PlyCount "69"]
[EventDate "1991.08.08"]

1. c4 e5 2. Nc3 Nc6 3. g3 Nf6 4. Bg2 Bb4 5. Nd5 d6 6. e3 Bf5 7. Ne2 O-O 8. Qb3
Ne4 9. Nxb4 Nc5 10. Nxc6 Nxb3 11. Nxd8 Nxa1 12. Nxb7 Nc2+ 13. Kd1 Nb4 14. Na5
Bc2+ 15. Ke1 Nd3+ 16. Kf1 Rab8 17. b3 Bb1 18. a3 Ba2 19. b4 a6 20. Bc6 f5 21.
Kg2 f4 22. f3 Rb6 23. Bd5+ Kh8 24. Nc3 fxe3 25. dxe3 c6 26. Be4 Nxc1 27. Rxc1
d5 28. cxd5 cxd5 29. Bxd5 Bxd5 30. Nxd5 Rd6 31. e4 g5 32. Rc6 Rd7 33. Nc4 h5
34. Nxe5 Ra7 35. Ng6+ 1-0

[Event "Thursday Octos #2"]
[Site "Los Angeles, Calif."]
[Date "1991.08.08"]
[Round "1"]
[White "Moody, David"]
[Black "Lane, Paul"]
[Result "1-0"]
[WhiteElo "2000"]
[BlackElo "2127"]
[PlyCount "49"]
[EventDate "1991.08.08"]

1. e4 g6 2. d4 Bg7 3. Bc4 d6 4. Nf3 c6 5. Nc3 Bg4 6. Bxf7+ Kd7 7. Ne5+ dxe5 8.
Qxg4+ Kc7 9. dxe5 Bxe5 10. Bf4 Bxf4 11. Qxf4+ Qd6 12. e5 Qd8 13. Rd1 Qf8 14.
e6+ Kc8 15. Qd4 Nf6 16. O-O Qd8 17. Qf4 Qc7 18. Qh6 Ng4 19. Qh4 Nf6 20. Rfe1 b6
21. Bxg6 Kb7 22. Be4 a6 23. Bf3 Rg8 24. b4 b5 25. Ne4 1-0

[Event "Thursday Octos #2"]
[Site "Los Angeles, Calif."]
[Date "1991.08.08"]
[Round "3"]
[White "Moody, David"]
[Black "Kaltenhauser, Richard"]
[Result "0-1"]
[WhiteElo "2000"]
[BlackElo "2115"]
[PlyCount "34"]
[EventDate "1991.08.08"]

1. e4 g6 2. d4 Bg7 3. Nf3 c6 4. c4 d6 5. Nc3 Nf6 6. h3 O-O 7. Be3 Nbd7 8. Qd2
c5 9. d5 a6 10. Bh6 b5 11. h4 b4 12. Ne2 Nxe4 13. Qf4 Bxb2 14. Bxf8 Bxa1 15.
Bh6 Ndf6 16. h5 Qa5 17. hxg6 fxg6 0-1

[Event "U.S. Open"]
[Site "Los Angeles, Calif."]
[Date "1991.08.08"]
[Round "11"]
[White "Dorsch, Thomas"]
[Black "Moody, David"]
[Result "1-0"]
[WhiteElo "2227"]
[BlackElo "2044"]
[PlyCount "29"]
[EventDate "1991.07.28"]

1. e4 e5 2. Nf3 Nc6 3. d4 exd4 4. c3 dxc3 5. Nxc3 Bb4 6. Bc4 Nf6 7. O-O O-O 8.
e5 Bxc3 9. bxc3 Ne4 10. Ba3 Re8 11. Qd5 Nxc3 12. Qxf7+ Kh8 13. Qh5 h6 14. Rac1
Ne4 15. Bd5 1-0

[Event "U.S. Open"]
[Site "Los Angeles, Calif."]
[Date "1991.08.09"]
[Round "12"]
[White "Moody, David"]
[Black "Jenson, Norman"]
[Result "1/2-1/2"]
[WhiteElo "2044"]
[BlackElo "1873"]
[PlyCount "45"]
[EventDate "1991.07.28"]

1. e4 c6 2. d4 d5 3. exd5 cxd5 4. Bd3 Nf6 5. c3 Nc6 6. Bf4 Bg4 7. Qb3 Qc8 8.
Nd2 e6 9. Ngf3 Bxf3 10. Nxf3 Be7 11. h3 a6 12. O-O O-O 13. Qc2 b5 14. Ne5 Qb7
15. Rae1 b4 16. Qe2 Rfc8 17. Bg5 Nxe5 18. dxe5 Ne4 19. Bxe7 Qxe7 20. Bxe4 dxe4
21. Qxe4 bxc3 22. bxc3 Qa3 23. Rd1 1/2-1/2

[Event "Trenton Action (August)"]
[Site "Trenton, Mich."]
[Date "1991.08.17"]
[Round "3"]
[White "Wysocki, Marc"]
[Black "Moody, David"]
[Result "1-0"]
[WhiteElo "1653"]
[BlackElo "2000"]
[PlyCount "45"]
[EventDate "1991.08.17"]

1. e4 e5 2. Bc4 Nf6 3. d4 Nxe4 4. dxe5 d5 5. Bxd5 Bf5 6. Nc3 Bb4 7. Nge2 c6 8.
Bxe4 Bxe4 9. Qxd8+ Kxd8 10. Bg5+ Kc7 11. O-O-O Bxg2 12. Rhg1 Bf3 13. Rd3 Bxe2
14. Nxe2 Nd7 15. Rgd1 Nxe5 16. Bf4 f6 17. Rd7+ Kb6 18. Rxg7 Ng6 19. Be3+ Bc5
20. Bxc5+ Kxc5 21. Rxb7 Ne5 22. b4+ Kc4 23. Rd4# 1-0

[Event "Trenton Action (August)"]
[Site "Trenton, Mich."]
[Date "1991.08.17"]
[Round "5"]
[White "Venia, Michael"]
[Black "Moody, David"]
[Result "0-1"]
[WhiteElo "1647"]
[BlackElo "2000"]
[PlyCount "76"]
[EventDate "1991.08.17"]

1. e4 e5 2. Nf3 Nc6 3. Bb5 a6 4. Ba4 Nf6 5. O-O Be7 6. Re1 b5 7. Bb3 O-O 8. c3
d5 9. exd5 Nxd5 10. Nxe5 Nxe5 11. Rxe5 c6 12. d4 Bd6 13. Re1 Qh4 14. g3 Qh3 15.
Qf3 Bg4 16. Qg2 Qh5 17. Bxd5 cxd5 18. Be3 Bf3 19. Qf1 f5 20. Nd2 f4 21. Nxf3
fxe3 22. Rxe3 Rxf3 23. Qe2 Raf8 24. Rxf3 Qxf3 25. Qe6+ Kh8 26. Qxd6 Qxf2+ 27.
Kh1 Qf3+ 28. Kg1 Qe3+ 29. Kh1 Qe4+ 30. Kg1 Qe3+ 31. Kh1 Qf3+ 32. Kg1 h6 33. Qe5
Qf2+ 34. Kh1 Qxb2 35. Re1 Rf2 36. g4 Qxc3 37. Re3 Qc1+ 38. Re1 Rf1+ 0-1

[Event "Trenton Action (August)"]
[Site "Trenton, Mich."]
[Date "1991.08.17"]
[Round "4"]
[White "Moody, David"]
[Black "Sanborn, Neil"]
[Result "1-0"]
[WhiteElo "2000"]
[BlackElo "1202"]
[PlyCount "71"]
[EventDate "1991.08.17"]

1. e4 e6 2. d4 d5 3. Nc3 c5 4. exd5 exd5 5. dxc5 Bxc5 6. Qxd5 Qxd5 7. Nxd5 Bb6
8. Nxb6 axb6 9. Be3 Nf6 10. Bxb6 O-O 11. Bc4 Re8+ 12. Ne2 Nc6 13. O-O-O Ne4 14.
Rhe1 Nxf2 15. Bxf2 Bf5 16. Nd4 Nxd4 17. Rxe8+ Rxe8 18. Rxd4 Rc8 19. Bb3 b5 20.
Rd6 Bg4 21. Bb6 Re8 22. Rd8 Rxd8 23. Bxd8 h5 24. Bd5 g6 25. Bc6 Be2 26. Bf6 Kh7
27. b4 Kh6 28. a4 bxa4 29. b5 a3 30. b6 a2 31. b7 g5 32. b8=Q Kg6 33. Ba1 f6
34. Qg8+ Kf5 35. Qh7+ Ke6 36. Qd7# 1-0

[Event "Trenton Action (August)"]
[Site "Trenton, Mich."]
[Date "1991.08.17"]
[Round "2"]
[White "Moody, David"]
[Black "Noren, Kevin"]
[Result "0-1"]
[WhiteElo "2000"]
[BlackElo "2270"]
[PlyCount "58"]
[EventDate "1991.08.17"]

1. e4 c5 2. Nf3 Nc6 3. d4 cxd4 4. Nxd4 Nf6 5. Nc3 d6 6. Bc4 e6 7. Be3 Be7 8.
Qe2 O-O 9. O-O-O a6 10. Nxc6 bxc6 11. e5 Nd5 12. exd6 Bxd6 13. Bd4 Qg5+ 14. Kb1
Bb4 15. Nxd5 cxd5 16. h4 Qe7 17. Bd3 f6 18. Qh5 g6 19. Qh6 Qg7 20. Qe3 e5 21.
Bc5 Bxc5 22. Qxc5 Be6 23. Qc6 Qf7 24. h5 g5 25. Bxa6 Rfb8 26. Bd3 d4 27. g4
Bxa2+ 28. Kc1 Bd5 29. Bg6 Bxc6 0-1

[Event "Michigan Open"]
[Site "East Lansing"]
[Date "1991.08.30"]
[Round "1"]
[White "Williams, Ron"]
[Black "Arganian, David G"]
[Result "0-1"]
[WhiteElo "1806"]
[BlackElo "2066"]
[PlyCount "98"]
[EventDate "1991.08.30"]

1. c4 Nf6 2. Nc3 c6 3. d4 d5 4. Bg5 dxc4 5. e4 b5 6. Nf3 b4 7. Na4 Nxe4 8. Bxc4
Nxg5 9. Nxg5 e6 10. Ne4 Be7 11. O-O O-O 12. Qd3 Nd7 13. Rad1 Nf6 14. Nxf6+ Bxf6
15. Qe4 Qc7 16. Rd3 g6 17. Nc5 e5 18. Rf3 Bg7 19. d5 Bf5 20. Qe3 cxd5 21. Bxd5
Rac8 22. Ne4 Rcd8 23. Qb3 Rd7 24. Rd3 Rfd8 25. Rfd1 Be6 26. Ng3 e4 27. R3d2 Bh6
28. Rd4 Qe5 29. Rxe4 Rxd5 30. Rde1 Qd6 31. Nf1 Bf5 32. Re7 Be6 33. Rxa7 Re5 34.
Ra6 Qxa6 35. Qxb4 Rxe1 36. Qxe1 Qd3 37. b3 Bg7 38. h3 Qd1 39. Qa5 Bf5 40. a4
Re8 41. Qb5 Bd7 42. Qa6 Re1 43. Qa8+ Bf8 44. Qa6 Bf5 45. Qb6 Bd3 46. a5 Rxf1+
47. Kh2 Qe2 48. Qf6 Rxf2 49. Qg5 Be4 0-1

[Event "Michigan Open"]
[Site "East Lansing"]
[Date "1991.08.30"]
[Round "1"]
[White "White, Mitchell"]
[Black "June, Brian"]
[Result "1-0"]
[WhiteElo "2069"]
[BlackElo "1810"]
[PlyCount "83"]
[EventDate "1991.08.30"]

1. Nf3 c5 2. c4 Nf6 3. g3 Nc6 4. Bg2 d5 5. cxd5 Nb4 6. Nc3 Bf5 7. d3 g6 8. e4
Bg4 9. a3 Na6 10. O-O Bg7 11. Qb3 Qc8 12. Be3 O-O 13. Rac1 Nd7 14. Qc2 Bxf3 15.
Bxf3 Ne5 16. Bg2 Qd7 17. h3 f5 18. f4 Nf7 19. e5 e6 20. dxe6 Qxe6 21. Bd5 Qc8
22. Qb3 Rb8 23. Nb5 b6 24. Nd6 Qc7 25. Qb5 Rbd8 26. Bxf7+ Rxf7 27. Nxf7 Qxf7
28. Qxa6 Kh8 29. Qc4 Qb7 30. b4 cxb4 31. axb4 Qd7 32. d4 Bf8 33. Rfd1 Qa4 34.
d5 Qa3 35. Rd3 Qb2 36. d6 Qe2 37. Bd4 Bg7 38. e6 Bxd4+ 39. Qxd4+ Kg8 40. e7 Rd7
41. Rc8+ Kf7 42. Rf8+ 1-0

[Event "Michigan Open"]
[Site "East Lansing"]
[Date "1991.08.30"]
[Round "1"]
[White "Thurman, John"]
[Black "Moody, David"]
[Result "0-1"]
[WhiteElo "1844"]
[BlackElo "2000"]
[PlyCount "77"]
[EventDate "1991.08.30"]

1. d4 Nf6 2. c4 c5 3. d5 e6 4. Nc3 exd5 5. cxd5 d6 6. Bf4 Nh5 7. Qd2 Nxf4 8.
Qxf4 g6 9. Nf3 Bg7 10. e4 O-O 11. Bd3 Re8 12. O-O a6 13. a4 Qe7 14. Rae1 Nd7
15. Nd1 Ne5 16. Nxe5 Bxe5 17. Qd2 Qh4 18. f4 Bd4+ 19. Kh1 Bd7 20. a5 Rab8 21.
Ne3 b5 22. axb6 Rxb6 23. Nc4 Rb4 24. Nxd6 Rxb2 25. Qa5 Qg4 26. Rg1 Bxg1 27.
Rxg1 Reb8 28. Qc7 R8b3 29. Bf1 Rb1 30. Nxf7 Kxf7 31. e5 Ke8 32. d6 R3b2 33. h3
Qe6 34. Qxc5 Ra2 35. Bc4 Rxg2 36. Bxe6 Rbxg1+ 37. Qxg1 Rxg1+ 38. Kxg1 Bxe6 39.
Kf2 0-1

[Event "Michigan Open"]
[Site "East Lansing"]
[Date "1991.08.30"]
[Round "1"]
[White "Sherbel, Steve"]
[Black "Andrews, Steve"]
[Result "0-1"]
[WhiteElo "2003"]
[BlackElo "2272"]
[PlyCount "136"]
[EventDate "1991.08.30"]

1. d4 Nf6 2. c4 c6 3. Nc3 d5 4. cxd5 cxd5 5. Bf4 Nc6 6. e3 a6 7. Bd3 Bg4 8. f3
Bh5 9. Nge2 e6 10. Rc1 Be7 11. O-O O-O 12. a3 Bg6 13. Bxg6 hxg6 14. e4 Qb6 15.
Na4 Qa7 16. Qd3 dxe4 17. fxe4 e5 18. Rxc6 bxc6 19. Bxe5 c5 20. Bxf6 gxf6 21. d5
Rab8 22. Qc4 Rfc8 23. d6 Bd8 24. Nf4 Rb4 25. Qc2 Rd4 26. Nd5 Kg7 27. Nac3 Qd7
28. Ne2 Rxd5 29. exd5 Qxd6 30. Nc3 f5 31. Re1 Bf6 32. Qd2 Rd8 33. g3 Bxc3 34.
Qxc3+ Qf6 35. Rd1 Qxc3 36. bxc3 Kf6 37. Kf2 Ke5 38. c4 Rb8 39. Ke3 Rb2 40. Rd2
Rb1 41. Rc2 g5 42. Kd3 Rf1 43. Re2+ Kd6 44. Rb2 Rf3+ 45. Kc2 Rxa3 46. Rb6+ Ke5
47. Kb2 Rf3 48. Rxa6 Rf2+ 49. Kc3 Rxh2 50. Rc6 Rh3 51. Rxc5 Rxg3+ 52. Kb4 f4
53. Rc7 Kf6 54. Rc6+ Kg7 55. d6 Rd3 56. Ra6 f3 57. c5 f2 58. Ra1 g4 59. Rc1 g3
60. c6 g2 61. c7 f1=Q 62. c8=Q Qf4+ 63. Ka5 Ra3+ 64. Kb6 Rb3+ 65. Ka7 Qa4+ 66.
Qa6 Qd4+ 67. Ka8 Qe4+ 68. Ka7 Qe3+ 0-1

[Event "Michigan Open"]
[Site "East Lansing"]
[Date "1991.08.30"]
[Round "1"]
[White "Norcross, John"]
[Black "Ford, William"]
[Result "1-0"]
[WhiteElo "2139"]
[BlackElo "1878"]
[PlyCount "41"]
[EventDate "1991.08.30"]

1. e4 e5 2. Nc3 Nf6 3. f4 d6 4. Nf3 Bg4 5. Be2 Nc6 6. d3 Be7 7. O-O O-O 8. Nd5
Bxf3 9. Bxf3 Nxd5 10. exd5 Nd4 11. c3 Nxf3+ 12. Qxf3 Qd7 13. Bd2 Rae8 14. b3
Bf6 15. f5 c6 16. Rae1 cxd5 17. Qxd5 Qc6 18. Qf3 Re7 19. Qf2 Qa6 20. Qg3 Qxa2
21. Bh6 1-0

[Event "Michigan Open"]
[Site "East Lansing"]
[Date "1991.08.30"]
[Round "1"]
[White "Malumphy, Joseph"]
[Black "Avery, Robert W"]
[Result "0-1"]
[WhiteElo "1966"]
[BlackElo "2225"]
[PlyCount "76"]
[EventDate "1991.08.30"]

1. e4 e5 2. Nf3 Nc6 3. Bb5 Bc5 4. c3 Nf6 5. O-O O-O 6. d4 Bb6 7. Bg5 d6 8. Bxc6
bxc6 9. dxe5 dxe5 10. Qxd8 Rxd8 11. Na3 Ba6 12. Bxf6 gxf6 13. Rfe1 Rd6 14. Rad1
Rad8 15. Rxd6 cxd6 16. c4 Bc5 17. Nd2 Rb8 18. Rb1 Bxa3 19. bxa3 Rxb1+ 20. Nxb1
Bxc4 21. Nc3 d5 22. exd5 cxd5 23. a4 Kf8 24. f3 Ke7 25. Kf2 Kd6 26. a3 Kc5 27.
Ke1 f5 28. Kd2 e4 29. Nd1 d4 30. Nb2 e3+ 31. Kc2 a5 32. g3 Kd5 33. Kd1 d3 34.
Ke1 d2+ 35. Kd1 Bf1 36. Kc2 Kd4 37. h4 Be2 38. f4 h5 0-1

[Event "Michigan Open"]
[Site "East Lansing"]
[Date "1991.08.30"]
[Round "1"]
[White "Leighton, George"]
[Black "Bagherabadi, Mohammed"]
[Result "0-1"]
[WhiteElo "1878"]
[BlackElo "2130"]
[PlyCount "118"]
[EventDate "1991.08.30"]

1. d4 Nf6 2. c4 e6 3. Nc3 Bb4 4. Qc2 b6 5. e4 Bb7 6. f3 Qe7 7. Bd3 h6 8. e5 Ng8
9. Nge2 Qh4+ 10. g3 Bxc3+ 11. bxc3 Qd8 12. O-O Nc6 13. f4 Nge7 14. Ba3 g6 15.
Be4 Nf5 16. Rf3 Ba6 17. Qa4 Na5 18. g4 Nh4 19. Rh3 Bxc4 20. Kf2 Bd5 21. Ng3 Nc4
22. Bc1 c6 23. Qb4 a5 24. Qb1 a4 25. f5 g5 26. Nh5 Qe7 27. f6 Qf8 28. Ng7+ Kd8
29. Bd3 Kc7 30. Qc2 a3 31. Rb1 b5 32. Nh5 Qd8 33. Be2 d6 34. exd6+ Nxd6 35. Bd3
Bc4 36. Bf4 gxf4 37. Rxh4 Ne8 38. Bxc4 bxc4 39. Qe4 Qd6 40. Kf3 Rg8 41. Qxf4
Qxf4+ 42. Kxf4 Rg6 43. Ke5 Ra5+ 44. Ke4 Nxf6+ 45. Nxf6 Rxf6 46. Ke3 Rb5 47.
Rxb5 cxb5 48. Rh5 Kb6 49. Ke2 Rg6 50. h3 Ka5 51. Rc5 Kb6 52. Rc8 Kb7 53. Rc5
Rg5 54. Re5 Rxe5+ 55. dxe5 Kc6 56. Ke3 Kd5 57. Kf4 b4 58. cxb4 Kd4 59. b5 c3
0-1

[Event "Michigan Open"]
[Site "East Lansing"]
[Date "1991.08.30"]
[Round "1"]
[White "Laren, Philip"]
[Black "Brady, Lindell"]
[Result "1-0"]
[WhiteElo "2224"]
[BlackElo "1957"]
[PlyCount "69"]
[EventDate "1991.08.30"]

1. d4 Nf6 2. c4 e6 3. Nf3 Bb4+ 4. Bd2 Bxd2+ 5. Qxd2 Ne4 6. Qc2 f5 7. e3 b6 8.
Nc3 Bb7 9. d5 Nxc3 10. Qxc3 O-O 11. Rd1 Qf6 12. Qxf6 gxf6 13. dxe6 dxe6 14. Nd4
Re8 15. c5 Bd5 16. Nb5 Na6 17. Nc3 Nxc5 18. Nxd5 exd5 19. Rxd5 f4 20. Bc4 Kf8
21. Rf5 fxe3 22. Rxf6+ Kg7 23. Rf7+ Kg6 24. f3 Nd3+ 25. Ke2 Nxb2 26. Rxc7 Rad8
27. Bf7+ Kf6 28. Bxe8 Rxe8 29. Rb1 Na4 30. Rb4 b5 31. Rxb5 Nb6 32. Rxa7 Nc4 33.
Ra6+ Kg7 34. Rb7+ Kg8 35. Rc7 1-0

[Event "Michigan Open"]
[Site "East Lansing"]
[Date "1991.08.30"]
[Round "1"]
[White "Knecht, Mark"]
[Black "Sobocinski, Mike"]
[Result "1/2-1/2"]
[WhiteElo "2160"]
[BlackElo "1914"]
[PlyCount "108"]
[EventDate "1991.08.30"]

1. c4 c6 2. Nf3 Nf6 3. b3 e6 4. Bb2 d5 5. g3 Nbd7 6. Bg2 Be7 7. O-O O-O 8. d3
Qb6 9. Nbd2 Qc7 10. Rc1 c5 11. b4 b6 12. e4 Bb7 13. bxc5 dxe4 14. cxb6 axb6 15.
Nxe4 Nxe4 16. dxe4 Bxe4 17. Qd4 Nf6 18. Ne5 Rfd8 19. Qc3 Bxg2 20. Kxg2 Bc5 21.
Qb3 Ne4 22. Nf3 Qb7 23. Kg1 Be7 24. Rfd1 Nc5 25. Qe3 Ne4 26. Qb3 Bc5 27. Rf1 e5
28. a4 f6 29. Rcd1 Qf7 30. Rxd8+ Rxd8 31. Qc2 Qg6 32. Qe2 Ng5 33. Nxg5 Qxg5 34.
Bc1 Qf5 35. Be3 Qd3 36. Qxd3 Rxd3 37. Bxc5 bxc5 38. Ra1 Rd6 39. a5 Ra6 40. Kg2
e4 41. g4 g6 42. Kg3 g5 43. f4 Kf7 44. f5 Ke7 45. Kf2 Kd6 46. Ke3 Kc7 47. Kxe4
Rd6 48. a6 Kb8 49. a7+ Ka8 50. Ra4 Rd4+ 51. Kf3 Rd6 52. Ra5 Rd3+ 53. Kf2 Rd2+
54. Kg3 Rd3+ 1/2-1/2

[Event "Michigan Open"]
[Site "East Lansing"]
[Date "1991.08.30"]
[Round "1"]
[White "Kitts, Gary"]
[Black "Triplett, Thomas"]
[Result "1/2-1/2"]
[WhiteElo "2064"]
[BlackElo "1800"]
[PlyCount "44"]
[EventDate "1991.08.30"]

1. e4 c5 2. Nf3 d6 3. Bd3 Nf6 4. c3 Nc6 5. O-O Bg4 6. h3 Bxf3 7. Qxf3 Ne5 8.
Bb5+ Nfd7 9. Qe2 a6 10. Bxd7+ Nxd7 11. d4 cxd4 12. cxd4 g6 13. Nc3 Bg7 14. Be3
O-O 15. Rac1 Rc8 16. Nd5 Rxc1 17. Rxc1 Nb6 18. Nxb6 Qxb6 19. d5 Qa5 20. Qc4
Bxb2 21. Rb1 b5 22. Qe2 Bf6 1/2-1/2